In the gutter (Record no. 78226)

MARC details
000 -LEADER
fixed length control field 00635cab a2200193 4500
001 - CONTROL NUMBER
control field L136279
008 - FIXED-LENGTH DATA ELEMENTS--GENERAL INFORMATION
fixed length control field 070123n2007 000 0 eng u
035 ## - SYSTEM CONTROL NUMBER
System control number (Sirsi) u136279
041 0# - LANGUAGE CODE
Language code of text/sound track or separate title eng
100 1# - MAIN ENTRY--PERSONAL NAME
Personal name Hopkins, Phillip
245 00 - TITLE STATEMENT
Title In the gutter
260 ## - PUBLICATION, DISTRIBUTION, ETC.
Date of publication, distribution, etc. 2007
490 00 - SERIES STATEMENT
Series statement Letting Update Journal
Volume/sequential designation 4(14) January 2007, 29-32(2)
520 ## - SUMMARY, ETC.
Summary, etc. Explains the landlord's legal responsibilities for blocked drains in rented property and provides some typical scenarios.
590 ## - LOCAL NOTE (RLIN)
Local note KA
650 24 - SUBJECT ADDED ENTRY--TOPICAL TERM
Topical term or geographic name entry element LANDLORD AND TENANT ACT 1985 S11
690 ## - LOCAL SUBJECT ADDED ENTRY--TOPICAL TERM (OCLC, RLIN)
Topical term or geographic name as entry element PROPERTY-RESIDENTIAL PROPERTY-RESIDENTIAL LANDLORD AND TENANT
942 ## - ADDED ENTRY ELEMENTS (KOHA)
Suppress in OPAC 0
Holdings
Withdrawn status Lost status Source of classification or shelving scheme Damaged status Not for loan Home library Current library Shelving location Date acquired Total Checkouts Full call number Barcode Date last seen Copy number Price effective from Koha item type
    Dewey Decimal Classification     London London Journal article 23/01/2007   L136279 136279-1001 06/08/2019 1 06/08/2019 Journal article